Les principaux contrats spéciaux /
Saved in:
| Main Author: | |
|---|---|
| Format: | Book |
| Language: | French |
| Published: |
Paris :
L.G.D.J.,
©1996.
|
| Series: | Traité de droit civil.
|
| Subjects: | |
| Tags: |
Add Tag
No Tags, Be the first to tag this record!
|
| LEADER | 01141cam a2200397 a 4500 | ||
|---|---|---|---|
| 001 | 014346475-2 | ||
| 005 | 20150409111316.0 | ||
| 008 | 980407s1996 fr b 001 0 fre d | ||
| 010 | |a 98136220 | ||
| 020 | |a 2275002510 |q (pbk.) | ||
| 020 | |a 9782275002514 |q (pbk.) | ||
| 035 | 0 | |a ocm40989952 | |
| 040 | |a CU-L |b eng |c BOL |d DLC |d TZT |d OCLCQ |d OCLCF |d OCLCQ |d OCLCO | ||
| 042 | |a lccopycat | ||
| 043 | |a e-fr--- | ||
| 050 | 0 | 0 | |a KJV1668 |b .H84 1996 |
| 072 | 7 | |a KJ |2 lcco | |
| 082 | 0 | 0 | |a 346.4402 |2 21 |
| 100 | 1 | |a Huet, Jérôme. | |
| 245 | 1 | 4 | |a Les principaux contrats spéciaux / |c Jérôme Huet. |
| 246 | 1 | 8 | |a Droit civil |
| 260 | |a Paris : |b L.G.D.J., |c ©1996. | ||
| 300 | |a 1544 pages ; |c 23 cm. | ||
| 336 | |a text |b txt |2 rdacontent | ||
| 337 | |a unmediated |b n |2 rdamedia | ||
| 338 | |a volume |b nc |2 rdacarrier | ||
| 490 | 1 | |a Traité de droit civil | |
| 504 | |a Includes bibliographical references (pages 1472-1478) and index. | ||
| 650 | 0 | |a Contracts |z France. | |
| 650 | 7 | |a Contracts. |2 fast | |
| 651 | 7 | |a France. |2 fast | |
| 653 | |a Law | ||
| 830 | 0 | |a Traité de droit civil. | |
| 988 | |a 20150409 | ||
| 049 | |a HVLA | ||
| 906 | |0 OCLC | ||


